| 000 | 00796nmc a2200289 a 4500 | ||
|---|---|---|---|
| 003 | AR-BaBNM | ||
| 005 | 20251128204415.0 | ||
| 008 | 185019s1993 ||||||||||||||000 | spa|| | ||
| 020 | _a950-25-1704-0- | ||
| 040 | _cAR-BaBNM | ||
| 100 | 1 | _aMontes, Graciela | |
| 245 | 1 | 0 |
_aTeseo, Ariadna y el Minotauro _bmitología griega |
| 260 |
_aBuenos Aires _bCentro Editor de América Latina _c1993 |
||
| 300 | 0 |
_a30 p. _bil. |
|
| 490 | 0 |
_aLos libritos del Centro Editor. Serie Verde _vv. 4 |
|
| 650 | 4 | _aCUENTO INFANTIL | |
| 650 | 4 | _aLITERATURA INFANTIL | |
| 650 | 4 | _aMITOLOGIA | |
| 650 | 4 | _aCULTURA | |
| 650 | 4 | _aHUMANIDADES | |
| 651 | 4 | _aGrecia | |
| 653 | 0 | _aADAPTACIONES LITERARIAS | |
| 655 | _aLITERATURA | ||
| 700 | 1 |
_aMenéndez, Liliana _eilustrador |
|
| 942 | _cBK | ||
| 998 | _cisola | ||
| 999 |
_c7339 _d7339 |
||